Impossible Quiz - Fast Typing to 60 - Statistics

General Stats
  • This quiz has been taken 765 times
  • The average score is 33 of 60
Answer Stats
Answer % Correct
1
99%
6
99%
2
98%
3
98%
4
98%
5
97%
7
97%
8
97%
9
96%
10
94%
11
88%
12
88%
13
85%
14
85%
15
85%
16
83%
17
83%
18
82%
19
80%
20
76%
21
76%
22
72%
23
71%
24
68%
25
67%
26
66%
27
65%
28
63%
29
60%
30
56%
31
55%
32
49%
33
48%
34
41%
35
40%
36
40%
37
39%
41
37%
38
36%
40
36%
39
35%
42
32%
43
29%
44
29%
45
27%
46
24%
47
21%
50
20%
51
20%
48
19%
52
18%
49
17%
53
15%
55
15%
54
13%
56
11%
57
11%
60
11%
58
9%
59
8%
No matching quizzes found
Score Distribution
Percent of People with Each Score
Percentile by Number Answered
Your Score History
You have not taken this quiz